[Event "Sparkassen-Open A"]
[Site "Heusenstamm, Martinsee"]
[Date "2023.11.24"]
[Round "3.20"]
[White "Browning, Alex"]
[Black "Buchinger, Alexis"]
[Result "1-0"]
[WhiteElo "2340"]
[BlackElo "1841"]
[PlyCount "73"]
[EventDate "2023.??.??"]
[WhiteTeam "Märkischer Springer Halver-Schal"]
[BlackTeam "SF Neuberg"]

1. e4 e5 2. Nf3 Nc6 3. Bb5 Nf6 4. d3 Bc5 5. O-O d6 6. h3 O-O 7. c3 a6 8. Ba4 Ba7 9. Re1 Ne7 10. d4 Ng6 11. Nbd2 Bd7 12. Bc2 c5 13. dxe5 dxe5 14. Nc4 Qe7 15. Nd6 Bc6 16. Nf5 Qc7 17. Bg5 Ne8 18. Bb3 Kh8 19. Bd5 f6 20. Bxc6 Qxc6 21. Bc1 Nc7 22. Qd6 Qxd6 23. Nxd6 b5 24. Be3 Ne6 25. a4 Rfb8 26. axb5 axb5 27. Ra5 b4 28. Rea1 bxc3 29. bxc3 Rb6 30. Nb5 Rb7 31. Rxa7 Raxa7 32. Nxa7 Ne7 33. c4 Rb4 34. Nb5 Rxc4 35. Ra8+ Ng8 36. Nd6 Rc3 37. Nf7# 1-0

[Event "Sparkassen-Open A"]
[Site "Heusenstamm, Martinsee"]
[Date "2023.11.24"]
[Round "3.21"]
[White "Berkes, Alexander"]
[Black "Dolzhykova, Kateryna"]
[Result "0-1"]
[WhiteElo "1974"]
[BlackElo "2323"]
[PlyCount "78"]
[EventDate "2023.??.??"]
[WhiteTeam "SK Langen"]
[BlackTeam "SV Oberursel"]

1. e4 c5 2. Nf3 d6 3. Bb5+ Bd7 4. Bxd7+ Qxd7 5. O-O Nc6 6. c3 d5 7. exd5 Qxd5 8. d4 O-O-O 9. Be3 e5 10. Qc2 e4 11. Ng5 Nf6 12. dxc5 h6 13. c4 Nd4 14. Bxd4 Qxg5 15. Bxf6 gxf6 16. Nc3 e3 17. Ne4 Qf4 18. Nd6+ Bxd6 19. cxd6 Rxd6 20. Rad1 Rd2 21. Rxd2 exd2 22. g3 Qd4 23. Rd1 Rd8 24. Qf5+ Rd7 25. b3 a6 26. Kf1 Kd8 27. Qc2 Ke8 28. Ke2 Qe5+ 29. Kf3 f5 30. Kg2 Qe2 31. c5 f4 32. gxf4 f5 33. Qc3 Qg4+ 34. Qg3 Qxd1 35. Qg8+ Ke7 36. Qg7+ Kd8 37. Qh8+ Kc7 38. Qe5+ Kc8 39. Qe8+ Rd8 0-1

[Event "Sparkassen-Open A"]
[Site "Heusenstamm, Martinsee"]
[Date "2023.11.24"]
[Round "3.22"]
[White "Junker, Christian"]
[Black "Chassard, Cedric"]
[Result "0-1"]
[WhiteElo "2023"]
[BlackElo "2297"]
[PlyCount "88"]
[EventDate "2023.??.??"]
[WhiteTeam "SV 1926 Neu-Isenburg"]
[BlackTeam "SC Caissa Schwarzenbach"]

1. Nf3 d5 2. g3 Nf6 3. d3 Nc6 4. Nbd2 e5 5. e4 Be6 6. Bg2 Qd7 7. Ng5 Bg4 8. f3 Bh5 9. O-O h6 10. Nh3 O-O-O 11. g4 Nxg4 12. exd5 Bc5+ 13. Kh1 Ne7 14. Ne4 Bb6 15. Ng3 Nf6 16. c4 Bg6 17. Nf2 Kb8 18. b4 Bd4 19. Rb1 Nh5 20. Ne2 Bxf2 21. Rxf2 c6 22. b5 cxd5 23. c5 Ka8 24. Rb3 Rc8 25. Ba3 Nf5 26. Qd2 Rhe8 27. Qa5 Nf4 28. Bb4 Nxe2 29. Ra3 b6 30. Qxb6 Ned4 31. f4 e4 32. dxe4 dxe4 33. Rd2 Qb7 34. Qa5 Nxb5 35. Rb3 Nfd4 36. Rb1 Nc6 37. Qa4 Nc3 38. Bxc3 Qxb1+ 39. Rd1 Qb7 40. Bf1 Rcd8 41. Rc1 Bh5 42. Bb5 Bf3+ 43. Kg1 e3 44. Ba5 Rd4 0-1

[Event "Sparkassen-Open A"]
[Site "Heusenstamm, Martinsee"]
[Date "2023.11.24"]
[Round "3.23"]
[White "Minor, Samuel"]
[Black "Harringer, Manfred"]
[Result "1-0"]
[WhiteElo "2242"]
[BlackElo "2031"]
[PlyCount "113"]
[EventDate "2023.??.??"]
[WhiteTeam "Wiesbadener SV 1885"]
[BlackTeam "Bergische SF 1923 Ber"]

1. e4 e5 2. Nf3 Nc6 3. Bc4 Nf6 4. d3 Bc5 5. c3 d6 6. Bb3 a6 7. Nbd2 O-O 8. h3 h6 9. Nf1 Be6 10. g4 d5 11. Qe2 dxe4 12. dxe4 Qd7 13. Bxe6 Qxe6 14. Ng3 Nh7 15. h4 Ne7 16. g5 f5 17. gxh6 gxh6 18. exf5 Nxf5 19. Ne4 Bd6 20. b3 Nf6 21. Rg1+ Kh8 22. Rg6 Qe7 23. Bxh6 Qh7 24. Bxf8 Qxg6 25. Bxd6 cxd6 26. O-O-O Nh5 27. Nfg5 Nf4 28. Qg4 Rf8 29. h5 Qh6 30. Rg1 Ne6 31. Kb2 Nxg5 32. Nxg5 Ne7 33. f3 d5 34. Qd7 Qf6 35. Rg4 Rg8 36. Nh3 Qxf3 37. Rxg8+ Nxg8 38. h6 Qf6 39. Qxd5 Nxh6 40. Qxb7 Nf7 41. Qg2 Qf5 42. Nf2 Ng5 43. Ng4 Qf4 44. Qh2+ Kg7 45. Qxf4 exf4 46. c4 Ne4 47. b4 Kf7 48. Kc2 Ke6 49. Kd3 Nd6 50. c5 Nb5 51. a4 Na7 52. Kc4 Nc6 53. b5 axb5+ 54. axb5 Na7 55. b6 Nc6 56. Kb5 Kd7 57. Nf6+ 1-0

[Event "Sparkassen-Open A"]
[Site "Heusenstamm, Martinsee"]
[Date "2023.11.24"]
[Round "3.24"]
[White "Thomas, Tobias"]
[Black "Marcziter, Dmitrii"]
[Result "1/2-1/2"]
[WhiteElo "1923"]
[BlackElo "2224"]
[PlyCount "40"]
[EventDate "2023.??.??"]
[WhiteTeam "SK Langen"]
[BlackTeam "SG Porz e. V."]

1. e4 c5 2. Nf3 a6 3. c3 d5 4. exd5 Qxd5 5. d4 Nf6 6. Be2 Bg4 7. c4 Qd6 8. Be3 cxd4 9. Qxd4 e6 10. O-O Be7 11. Nc3 Nbd7 12. h3 Bh5 13. a3 O-O 14. Qxd6 Bxd6 15. Rfd1 Bxf3 16. Bxf3 Be5 17. Bxb7 Rab8 18. Bxa6 Rxb2 19. Na4 Rb3 20. Ra2 Ra8 1/2-1/2

[Event "Sparkassen-Open A"]
[Site "Heusenstamm, Martinsee"]
[Date "2023.11.24"]
[Round "3.25"]
[White "Meuer, David"]
[Black "Lesny, Florian"]
[Result "1/2-1/2"]
[WhiteElo "1988"]
[BlackElo "2216"]
[PlyCount "77"]
[EventDate "2023.??.??"]
[WhiteTeam "SV Turm Lahnstein"]
[BlackTeam "SK Bad Homburg 1927"]

1. e4 c5 2. Nf3 d6 3. d4 cxd4 4. Nxd4 Nf6 5. Nc3 a6 6. Qf3 g6 7. h3 Bg7 8. Be3 O-O 9. O-O-O Qa5 10. Nb3 Qc7 11. Kb1 Nc6 12. g4 Be6 13. Qg2 b5 14. f4 b4 15. Nd5 Qb7 16. Nd4 Nxd4 17. Nxf6+ Bxf6 18. Bxd4 Bxd4 19. Rxd4 Bd7 20. h4 e5 21. Rxd6 Bc6 22. Bd3 exf4 23. h5 Rad8 24. Rf6 g5 25. h6 Bb5 26. Qe2 Qe7 27. e5 Bxd3 28. cxd3 Rfe8 29. Rf5 Rd5 30. Re1 Red8 31. d4 Rxd4 32. Qxa6 Rd1+ 33. Rxd1 Rxd1+ 34. Kc2 Rd7 35. Qc8+ Rd8 36. Qc6 Rd7 37. Qc8+ Rd8 38. Qc6 Rd7 39. Qc8+ 1/2-1/2

[Event "Sparkassen-Open A"]
[Site "Heusenstamm, Martinsee"]
[Date "2023.11.24"]
[Round "3.26"]
[White "Hebbering, Tom Elliot"]
[Black "Diehm, Alexander"]
[Result "1/2-1/2"]
[WhiteElo "2232"]
[BlackElo "1969"]
[PlyCount "73"]
[EventDate "2023.??.??"]
[WhiteTeam "SK 1980 Gernsheim"]
[BlackTeam "SC FK Babenhausen 1994"]

1. d4 f5 2. g3 Nf6 3. Bg2 d5 4. Nf3 e6 5. O-O Bd6 6. c4 c6 7. Qc2 O-O 8. Nc3 Ne4 9. Rb1 a5 10. a3 b6 11. b4 axb4 12. axb4 Qe7 13. c5 bxc5 14. bxc5 Bc7 15. Bf4 Bxf4 16. gxf4 Ba6 17. Rb2 Nxc3 18. Qxc3 Bb5 19. Rfb1 Na6 20. Bf1 Nc7 21. Ne5 Ra6 22. Qg3 Rfa8 23. e3 Qe8 24. h4 Ra2 25. Rxa2 Rxa2 26. Qg5 h6 27. Qg6 Qxg6+ 28. Nxg6 Kf7 29. Ne5+ Kf6 30. h5 Ra3 31. Kg2 Ke7 32. Kf3 Kf6 33. Bxb5 cxb5 34. Rg1 Ne8 35. Nc6 Ra6 36. Ne5 Ra3 37. Rb1 1/2-1/2

[Event "Sparkassen-Open A"]
[Site "Heusenstamm, Martinsee"]
[Date "2023.11.24"]
[Round "3.27"]
[White "Weiss, Matthias"]
[Black "Kersten, Uwe"]
[Result "1/2-1/2"]
[WhiteElo "1983"]
[BlackElo "2227"]
[PlyCount "84"]
[EventDate "2023.??.??"]
[WhiteTeam "SF Schöneck"]
[BlackTeam "Kasseler SK 1876"]

1. e4 c5 2. Nf3 d6 3. c3 Nf6 4. Be2 g6 5. O-O Bg7 6. Re1 O-O 7. Bf1 Nc6 8. h3 e5 9. d4 exd4 10. cxd4 cxd4 11. Nxd4 Nxd4 12. Qxd4 Re8 13. Qd3 Bf5 14. Bg5 d5 15. Nc3 Bxe4 16. Nxe4 dxe4 17. Qxd8 Raxd8 18. Rac1 Rc8 19. b3 Rxc1 20. Rxc1 Nd5 21. Rd1 Re5 22. Be3 Nxe3 23. Rd8+ Bf8 24. fxe3 Kg7 25. Bc4 b5 26. Rd5 Rxd5 27. Bxd5 f5 28. a4 Kf6 29. Kf2 bxa4 30. bxa4 Ke5 31. Bg8 h5 32. g3 g5 33. Bf7 h4 34. gxh4 gxh4 35. Ke2 Bc5 36. Be8 Bb6 37. Bd7 Kf6 38. Bc8 Kg6 39. Bd7 Kg5 40. Bc8 Kf6 41. Bd7 Ke5 42. Bc8 f4 1/2-1/2

[Event "Sparkassen-Open A"]
[Site "Heusenstamm, Martinsee"]
[Date "2023.11.24"]
[Round "3.28"]
[White "Wortmann, Klaus-Peter"]
[Black "Heimrath, Reiner"]
[Result "1/2-1/2"]
[WhiteElo "1969"]
[BlackElo "2155"]
[PlyCount "97"]
[EventDate "2023.??.??"]
[WhiteTeam "Märkischer Springer Halver-Schal"]
[BlackTeam "SC Noris-Tarrasch Nürnberg 1873"]

1. Nf3 b6 2. g3 Bb7 3. Bg2 g5 4. d3 g4 5. Nh4 Bxg2 6. Nxg2 d6 7. e4 Qd7 8. Be3 Nc6 9. Nd2 Nf6 10. d4 h5 11. c3 a5 12. Qe2 Bg7 13. Nh4 e6 14. Rf1 Ne7 15. Qd3 Qa4 16. f3 Rf8 17. f4 Bh6 18. Ke2 Qc6 19. Rf2 d5 20. e5 Ne4 21. Rff1 Nf5 22. Nxf5 exf5 23. Rfc1 h4 24. Bf2 f6 25. a4 Rd8 26. Qb5 Qxb5+ 27. axb5 Rf7 28. Nf1 fxe5 29. dxe5 Bf8 30. Bd4 Kd7 31. b4 axb4 32. cxb4 hxg3 33. hxg3 Ke8 34. Ra7 c5 35. Rxf7 Kxf7 36. bxc5 bxc5 37. Bf2 Rb8 38. Be1 Rxb5 39. Ne3 Rb2+ 40. Kf1 Ke6 41. Ra1 Rb6 42. Ra8 Be7 43. Rh8 Rb1 44. Rh6+ Kf7 45. Nxf5 Ke8 46. Rh8+ Kf7 47. Rh6 Ke8 48. Rh8+ Kf7 49. Rh6 1/2-1/2

[Event "Sparkassen-Open A"]
[Site "Heusenstamm, Martinsee"]
[Date "2023.11.24"]
[Round "3.29"]
[White "Wolf, Dr. Ulrich Martin"]
[Black "Poetsch, Leonore"]
[Result "1-0"]
[WhiteElo "2203"]
[BlackElo "1957"]
[PlyCount "31"]
[EventDate "2023.??.??"]
[WhiteTeam "SK Bad Homburg 1927"]
[BlackTeam "VSG 1880 Offenbach"]

1. d4 d5 2. c4 c6 3. Nc3 Nf6 4. Nf3 Bf5 5. cxd5 cxd5 6. Qb3 b6 7. Bf4 Nc6 8. e4 dxe4 9. Bb5 Bd7 10. Ne5 Nxe5 11. dxe5 Nh5 12. O-O-O Nxf4 13. Bxd7+ Qxd7 14. Rxd7 Kxd7 15. Rd1+ Nd3+ 16. Rxd3+ 1-0

[Event "Sparkassen-Open A"]
[Site "Heusenstamm, Martinsee"]
[Date "2023.11.24"]
[Round "3.30"]
[White "Calvi, Stefan"]
[Black "Sydykov, Bayastan"]
[Result "1/2-1/2"]
[WhiteElo "1925"]
[BlackElo "2142"]
[PlyCount "159"]
[EventDate "2023.??.??"]
[WhiteTeam "SV Oberursel"]
[BlackTeam "SK 1858 Gieß?en"]

1. e4 e6 2. d3 d5 3. Qe2 Nc6 4. Nf3 e5 5. exd5 Qxd5 6. Nc3 Bb4 7. Bd2 Bxc3 8. Bxc3 Bg4 9. Qe4 Bxf3 10. gxf3 Qe6 11. Qg4 Qg6 12. O-O-O Nge7 13. h4 h5 14. Qg3 f6 15. Rg1 Qxg3 16. fxg3 Nf5 17. Bh3 Nfd4 18. Rgf1 Rd8 19. Rde1 Kf7 20. a4 b5 21. Bxd4 Nxd4 22. axb5 Nxb5 23. Kd2 a6 24. Ra1 Rd6 25. Bg2 Nd4 26. f4 Re8 27. Rae1 exf4 28. Rxe8 Kxe8 29. Rxf4 g6 30. Be4 Kf7 31. Rf1 f5 32. Bg2 Kf6 33. c3 Ne6 34. b4 Rb6 35. Ke3 Nf8 36. d4 Re6+ 37. Kd3 Nd7 38. c4 Ke7 39. Bd5 Rb6 40. Re1+ Kf8 41. Kc3 Nf6 42. Bf3 Kf7 43. d5 Nd7 44. c5 Rb8 45. Ra1 Re8 46. Kd4 Nb8 47. d6 cxd6 48. cxd6 Kf6 49. Bb7 Re6 50. Kc5 Re3 51. Kb6 Rc3 52. Bxa6 Nd7+ 53. Kb7 Rb3 54. Kc7 Ne5 55. b5 Rc3+ 56. Kb7 Ke6 57. b6 Kxd6 58. Rd1+ Ke6 59. Bb5 Rxg3 60. Ra1 Rb3 61. Ra5 Kd6 62. Ka7 Nd7 63. b7 Kc7 64. Bxd7 Rxb7+ 65. Ka8 Rb3 66. Ka7 Rb7+ 67. Ka8 Rb6 68. Ka7 Rf6 69. Be8 f4 70. Ra6 Rxa6+ 71. Kxa6 f3 72. Bxg6 f2 73. Bd3 Kc6 74. Bf1 Kc5 75. Kb7 Kd5 76. Kb6 Ke4 77. Kc5 Kf4 78. Kd4 Kg4 79. Ke3 Kxh4 80. Kxf2 1/2-1/2

[Event "Sparkassen-Open A"]
[Site "Heusenstamm, Martinsee"]
[Date "2023.11.24"]
[Round "3.31"]
[White "Blaschke, Henri Johannes"]
[Black "Seidel, Andre"]
[Result "0-1"]
[WhiteElo "1866"]
[BlackElo "2181"]
[PlyCount "98"]
[EventDate "2023.??.??"]
[WhiteTeam "SK Vellmar 1950"]
[BlackTeam "SV Oberursel"]

1. Nf3 d5 2. c4 c6 3. d4 Nf6 4. Qc2 Bg4 5. Nbd2 e6 6. g3 Nbd7 7. Bg2 Be7 8. O-O O-O 9. b3 Bf5 10. Qd1 h6 11. Bb2 Ne4 12. Ne5 Nxd2 13. Nxd7 Nxf1 14. Nxf8 Nxg3 15. hxg3 Bxf8 16. f3 Bd6 17. e4 dxe4 18. fxe4 Bg6 19. Qf3 Qg5 20. e5 Bc7 21. b4 Rb8 22. Rf1 Qd2 23. Qb3 Qd3 24. Rf3 Qxb3 25. Rxb3 a6 26. a4 Bc2 27. Ra3 Bd8 28. a5 Be7 29. Bc3 Bd3 30. Bf1 Bxf1 31. Kxf1 f6 32. Rb3 fxe5 33. dxe5 Rd8 34. Ke2 h5 35. b5 cxb5 36. cxb5 axb5 37. Rxb5 Rd7 38. Rb6 Kf7 39. a6 bxa6 40. Rxa6 Bc5 41. Bd2 Bd4 42. Bf4 Rd5 43. Rd6 Rxd6 44. exd6 e5 45. Bg5 Ke6 46. Be7 e4 47. Bf8 g6 48. Bh6 Kxd6 49. Bg5 Ke6 0-1

[Event "Sparkassen-Open A"]
[Site "Heusenstamm, Martinsee"]
[Date "2023.11.24"]
[Round "3.32"]
[White "Klein, Levent"]
[Black "Henrich, Thomas"]
[Result "0-1"]
[WhiteElo "1607"]
[BlackElo "2132"]
[PlyCount "164"]
[EventDate "2023.??.??"]
[WhiteTeam "SG Kaiserslautern 1905"]
[BlackTeam "SK Marburg 1931/72"]

1. d4 Nf6 2. c4 e6 3. Nf3 c5 4. e3 b6 5. Be2 Be7 6. O-O O-O 7. Nc3 d6 8. b3 Bb7 9. Bb2 cxd4 10. Nxd4 Nbd7 11. Bf3 Bxf3 12. Nxf3 a6 13. Qe2 Qc7 14. Rfd1 Rad8 15. Rac1 Nc5 16. b4 Nce4 17. Nxe4 Nxe4 18. a3 Qb7 19. Nd4 Rd7 20. f3 Nf6 21. Nb3 Rfd8 22. Qc2 Rc8 23. e4 Rdc7 24. Qe2 Nd7 25. g3 a5 26. b5 a4 27. Nd4 Ne5 28. f4 Nxc4 29. Nc6 Nxb2 30. Qxb2 Bf8 31. Rd3 Ra8 32. Rcd1 Rxc6 33. bxc6 Qxc6 34. Qd4 Rc8 35. h3 b5 36. Kh2 Qb7 37. Qe3 Rc4 38. Rd4 Qb6 39. Qd3 Rc5 40. h4 Qc6 41. Rb1 d5 42. exd5 exd5 43. Qf3 Qc8 44. Rbd1 Rc3 45. Qxd5 Rxa3 46. Qxb5 Qg4 47. Qg5 Qe2+ 48. Kh3 Ra2 49. Rd8 g6 50. Rxf8+ Kxf8 51. Rd8+ Kg7 52. Qe5+ Qxe5 53. fxe5 a3 54. Ra8 Ra1 55. Kg2 a2 56. Kh2 g5 57. h5 g4 58. Ra6 Re1 59. h6+ Kf8 60. Ra8+ Ke7 61. Ra7+ Ke6 62. Ra6+ Kxe5 63. Rxa2 Kf5 64. Ra7 Kg6 65. Kg2 Re2+ 66. Kf1 Rh2 67. Ra4 Kg5 68. Ra7 Kg6 69. Ra4 f5 70. Ra8 Kxh6 71. Rg8 Ra2 72. Rf8 Kg6 73. Rg8+ Kf6 74. Rf8+ Ke5 75. Re8+ Kd4 76. Re7 h5 77. Re8 h4 78. gxh4 Rh2 79. Rh8 g3 80. h5 Ke3 81. h6 Kf3 82. Kg1 Ra2 0-1

[Event "Sparkassen-Open A"]
[Site "Heusenstamm, Martinsee"]
[Date "2023.11.24"]
[Round "3.33"]
[White "Wiley, Tom E"]
[Black "Piepenhagen, Eric"]
[Result "1/2-1/2"]
[WhiteElo "2152"]
[BlackElo "1838"]
[PlyCount "34"]
[EventDate "2023.??.??"]
[WhiteTeam "Kraainem Belgium"]
[BlackTeam "Niendorfer TSV 1919 SAbt"]

1. d4 d5 2. c4 e6 3. Nc3 Nf6 4. cxd5 exd5 5. Bg5 Be7 6. e3 O-O 7. Bd3 Re8 8. Qc2 h6 9. Bh4 c5 10. Nge2 Nc6 11. Bb5 cxd4 12. exd4 g6 13. O-O Bf5 14. Qa4 Qd7 15. Qd1 a6 16. Bd3 Ne4 17. Bxe7 Rxe7 1/2-1/2

[Event "Sparkassen-Open A"]
[Site "Heusenstamm, Martinsee"]
[Date "2023.11.24"]
[Round "3.34"]
[White "Barsov, Vladislav"]
[Black "Hilzinger, Markus"]
[Result "0-1"]
[WhiteElo "1680"]
[BlackElo "2132"]
[PlyCount "98"]
[EventDate "2023.??.??"]
[WhiteTeam "SK Gräfelfing"]
[BlackTeam "SC Pforzheim 1906"]

1. c4 Nf6 2. g3 g6 3. Bg2 Bg7 4. Nc3 O-O 5. e3 d6 6. Nge2 c5 7. O-O Nc6 8. h3 Bf5 9. d3 Rb8 10. Kh2 a6 11. Rb1 Qc8 12. e4 Bd7 13. Nd5 Qd8 14. f4 b5 15. b3 Nxd5 16. exd5 Nd4 17. Bb2 Qa5 18. Nxd4 cxd4 19. Rf2 Rfe8 20. Ra1 e6 21. Qf3 exd5 22. Qxd5 Qb6 23. cxb5 axb5 24. Rc1 Re3 25. Be4 Be6 26. Qc6 Qxc6 27. Rxc6 d5 28. Bg2 Rxd3 29. g4 Rd1 30. Bf1 d3 31. Bxg7 Kxg7 32. f5 Rc8 33. Rd6 Rc2 34. f6+ Kh6 35. Kg3 Rxf2 36. Kxf2 g5 37. Rb6 d2 38. Be2 Re1 39. Rxb5 d1=Q 40. Bxd1 Rxd1 41. a4 d4 42. a5 Rb1 43. b4 Rb2+ 44. Ke1 d3 45. Rb6 d2+ 46. Ke2 Bc4+ 47. Ke3 d1=Q 48. b5 Re2+ 49. Kf3 Qd3# 0-1

[Event "Sparkassen-Open A"]
[Site "Heusenstamm, Martinsee"]
[Date "2023.11.24"]
[Round "3.35"]
[White "Steadman, Michael V R"]
[Black "Buchholz, Maja Patricia"]
[Result "1-0"]
[WhiteElo "2127"]
[BlackElo "1923"]
[PlyCount "81"]
[EventDate "2023.??.??"]
[WhiteTeam "Auckland Chess Centre"]
[BlackTeam "Wiesbadener SV 1885"]

1. d4 d5 2. Nf3 Nf6 3. Bg5 e6 4. e3 c5 5. c3 Bd7 6. Nbd2 Qb6 7. b3 Nc6 8. Bd3 cxd4 9. exd4 Be7 10. Ne5 Bc8 11. O-O O-O 12. Re1 Qc7 13. Qf3 b6 14. Rac1 Bb7 15. Qh3 Nxe5 16. dxe5 Ne4 17. Bxe7 Qxe7 18. Nxe4 dxe4 19. Bxe4 Bxe4 20. Rxe4 Qg5 21. Qe3 Qe7 22. Rd1 h6 23. Red4 Rad8 24. Rd6 Rc8 25. Qd4 Qc7 26. c4 Qc5 27. f4 Qxd4+ 28. R1xd4 Rc7 29. Kf2 Kh7 30. Ke3 Rfc8 31. g4 Rc5 32. Ke4 R5c7 33. f5 exf5+ 34. gxf5 Re7 35. Rd7 Rce8 36. Rxe7 Rxe7 37. Rd6 g6 38. fxg6+ fxg6 39. e6 Kg7 40. Ke5 Kf8 41. Kf6 1-0

[Event "Sparkassen-Open A"]
[Site "Heusenstamm, Martinsee"]
[Date "2023.11.24"]
[Round "3.36"]
[White "Reschke, Thomas"]
[Black "Dorfner, Jeremias"]
[Result "1-0"]
[WhiteElo "2108"]
[BlackElo "1712"]
[PlyCount "89"]
[EventDate "2023.??.??"]
[WhiteTeam "SC Frankfurt-West"]
[BlackTeam "TV-Groß?ostheim 1900 e.V."]

1. c4 Nf6 2. g3 g6 3. Bg2 Bg7 4. Nc3 O-O 5. e4 d6 6. Nge2 e5 7. d3 c6 8. O-O Nbd7 9. h3 a5 10. Be3 Nc5 11. f4 exf4 12. gxf4 Qe7 13. Qd2 Re8 14. Rae1 Rb8 15. Ng3 b5 16. cxb5 cxb5 17. Bxc5 dxc5 18. e5 Nd7 19. Nd5 Qd8 20. Ne4 Bb7 21. Nd6 Bxd5 22. Bxd5 Re7 23. Nxf7 Rxf7 24. Bxf7+ Kxf7 25. e6+ Kg8 26. exd7 Bd4+ 27. Kh2 Qxd7 28. Qe2 Qd5 29. b3 a4 30. Qe6+ Qxe6 31. Rxe6 axb3 32. axb3 b4 33. Rfe1 Rd8 34. Re8+ Rxe8 35. Rxe8+ Kf7 36. Ra8 h6 37. Ra6 h5 38. Kg2 h4 39. Kf3 Kg7 40. Ke4 Kh7 41. f5 gxf5+ 42. Kxf5 Kg7 43. Ke4 Bf6 44. Rxf6 Kxf6 45. Kd5 1-0

[Event "Sparkassen-Open A"]
[Site "Heusenstamm, Martinsee"]
[Date "2023.11.24"]
[Round "3.37"]
[White "Lutze, Max"]
[Black "Valean, David-Andrei"]
[Result "1-0"]
[WhiteElo "2076"]
[BlackElo "1572"]
[PlyCount "123"]
[EventDate "2023.??.??"]
[WhiteTeam "Märkischer Springer Halver-Schal"]
[BlackTeam "SK 1933 Bad Neustadt"]

1. Nf3 d5 2. g3 Nc6 3. d4 Bf5 4. Bg2 e6 5. O-O Nf6 6. c4 Be7 7. Nc3 O-O 8. Nh4 Bg4 9. h3 Bh5 10. g4 Bg6 11. Nxg6 hxg6 12. e3 Bb4 13. Qb3 Bxc3 14. Qxc3 Re8 15. b4 Ne4 16. Qb3 f5 17. f3 dxc4 18. Qxc4 Nd6 19. Qb3 Qd7 20. Bb2 Ne7 21. e4 Nb5 22. Rfd1 c6 23. a4 Nc7 24. Qc3 Nc8 25. Rac1 Nb6 26. Qb3 Kh7 27. Qc2 a6 28. Ra1 Rad8 29. Qc5 Nc8 30. Rac1 Qe7 31. Qe5 Qd6 32. d5 Re7 33. Qxd6 Rxd6 34. Be5 Rd8 35. dxc6 Rxd1+ 36. Rxd1 bxc6 37. Rc1 Na7 38. Bd4 Ne8 39. Bf1 fxe4 40. fxe4 Nf6 41. Bxf6 gxf6 42. Bxa6 Rd7 43. b5 cxb5 44. axb5 Kh6 45. b6 Rd6 46. b7 Rb6 47. Rc8 Nc6 48. Rxc6 Rxc6 49. b8=Q Rxa6 50. Qf4+ Kg7 51. e5 f5 52. gxf5 gxf5 53. Qg5+ Kh7 54. h4 Ra7 55. Kf1 Ra1+ 56. Ke2 Ra2+ 57. Kd3 Ra3+ 58. Kc4 Ra4+ 59. Kc5 f4 60. Qe7+ Kh6 61. Qxe6+ Kh5 62. Qe8+ 1-0

[Event "Sparkassen-Open A"]
[Site "Heusenstamm, Martinsee"]
[Date "2023.11.24"]
[Round "3.38"]
[White "Weil, Michael"]
[Black "Iolis, Oleg"]
[Result "0-1"]
[WhiteElo "1882"]
[BlackElo "2183"]
[PlyCount "94"]
[EventDate "2023.??.??"]
[WhiteTeam "SC Steinbach"]
[BlackTeam "Wavre"]

1. d4 Nf6 2. Nf3 g6 3. Bg5 Bg7 4. Nbd2 d5 5. c3 O-O 6. e3 Bf5 7. Be2 c5 8. O-O Nc6 9. Nh4 Be6 10. Nhf3 Qb6 11. Qb3 Qc7 12. Bf4 Qc8 13. Qd1 h6 14. Ne5 Bf5 15. Nxc6 Qxc6 16. Be5 cxd4 17. exd4 Rfd8 18. h3 Rac8 19. Nf3 Bf8 20. Bd3 Bxd3 21. Qxd3 Ne4 22. Nd2 Nd6 23. Rfe1 b5 24. a3 a5 25. Rac1 h5 26. Bf4 Rd7 27. Nf3 Bg7 28. Ne5 Bxe5 29. Bxe5 Nc4 30. Re2 Nxe5 31. Rxe5 b4 32. axb4 axb4 33. g4 hxg4 34. hxg4 Kg7 35. Re3 Rdc7 36. Rh3 Qe6 37. f3 bxc3 38. bxc3 Rxc3 39. Rxc3 Qe1+ 40. Qf1 Qxc3 41. Kg2 Qxd4 42. Qe1 Rc2+ 43. Kg3 e5 44. Rh1 Qf4+ 45. Kh3 Qxf3+ 46. Kh4 g5+ 47. Kh5 Qf6 0-1

[Event "Sparkassen-Open A"]
[Site "Heusenstamm, Martinsee"]
[Date "2023.11.24"]
[Round "3.40"]
[White "Plaumann, Arvin"]
[Black "Villwock, Martin"]
[Result "1/2-1/2"]
[WhiteElo "1805"]
[BlackElo "2073"]
[PlyCount "45"]
[EventDate "2023.??.??"]
[WhiteTeam "Sfr.Heidesheim"]
[BlackTeam "SF Essen-Katernberg 0"]

1. d4 d5 2. Nf3 Nf6 3. g3 c6 4. c4 e6 5. Bg2 Nbd7 6. b3 Bb4+ 7. Bd2 Bd6 8. Nc3 O-O 9. O-O b6 10. Re1 Bb7 11. Bc1 Rc8 12. Nd2 c5 13. Bb2 Qe7 14. dxc5 bxc5 15. cxd5 exd5 16. e4 d4 17. Nd5 Nxd5 18. exd5 Qd8 19. Nc4 Nf6 20. b4 Bxd5 21. Bxd5 Nxd5 22. Nxd6 Qxd6 23. bxc5 1/2-1/2

[Event "Sparkassen-Open A"]
[Site "Heusenstamm, Martinsee"]
[Date "2023.11.24"]
[Round "3.41"]
[White "Weyerer, Noah"]
[Black "Swoboda, Philipp"]
[Result "0-1"]
[WhiteElo "1747"]
[BlackElo "2030"]
[PlyCount "130"]
[EventDate "2023.??.??"]
[WhiteTeam "SV Oberursel"]
[BlackTeam "SV Frankfurt Nord 1926"]

1. c4 e5 2. Nc3 Nf6 3. g3 Bb4 4. Bg2 O-O 5. d3 d5 6. cxd5 Nxd5 7. Bd2 Be6 8. Nxd5 Bxd5 9. Bxd5 Qxd5 10. Nf3 Bxd2+ 11. Qxd2 Nc6 12. O-O Rad8 13. Qc3 f5 14. Rfd1 h6 15. Qc4 g5 16. Rac1 Kg7 17. Qxd5 Rxd5 18. Rc3 Rfd8 19. Rdc1 Kf6 20. a3 e4 21. Ne1 Nd4 22. Kf1 c6 23. Rd1 Ne6 24. Rdc1 Rb5 25. b4 a5 26. bxa5 Ra8 27. dxe4 fxe4 28. Rc4 Raxa5 29. a4 Rc5 30. Ng2 b6 31. Ne3 Rxa4 32. Rxa4 Rxc1+ 33. Kg2 Nc5 34. Rb4 b5 35. Ng4+ Ke6 36. Nxh6 Re1 37. e3 Ra1 38. h4 Ra4 39. Rb1 gxh4 40. gxh4 b4 41. Ng4 b3 42. Nh2 Rb4 43. Nf1 b2 44. Nd2 Nd3 45. Kf1 c5 46. Ke2 Kd5 47. f3 Nc1+ 48. Kd1 exf3 49. Nxf3 Ke4 50. Ne1 c4 51. Kc2 Nd3 52. Kc3 Rb8 53. Nc2 Kd5 54. e4+ Kc5 55. Ne3 Rb3+ 56. Kd2 Kd4 57. Nd1 c3+ 58. Kc2 Ra3 59. Nxb2 cxb2 60. h5 Rc3+ 61. Kd2 Rc5 62. h6 Rh5 63. Kc2 Rxh6 64. Rd1 Rc6+ 65. Kd2 Rc1 0-1

[Event "Sparkassen-Open A"]
[Site "Heusenstamm, Martinsee"]
[Date "2023.11.24"]
[Round "3.42"]
[White "Berberich, Christoph"]
[Black "Herrmann, Jakob"]
[Result "1/2-1/2"]
[WhiteElo "1859"]
[BlackElo "2037"]
[PlyCount "76"]
[EventDate "2023.??.??"]
[WhiteTeam "SK Freiburg-Zähringen 1887 e.V."]
[BlackTeam "SAV Torgelow-Drögeheide 90"]

1. d4 Nf6 2. Nf3 g6 3. c4 Bg7 4. Nc3 O-O 5. e4 d6 6. Be2 e5 7. O-O Bg4 8. Be3 Bxf3 9. Bxf3 exd4 10. Bxd4 Nc6 11. Be3 Nd7 12. Qd2 Nc5 13. Bh6 Re8 14. Bxg7 Kxg7 15. Rfe1 Nb4 16. Nd5 Nbd3 17. Qc3+ f6 18. Re3 c6 19. b4 cxd5 20. bxc5 dxe4 21. cxd6 Qxd6 22. Bxe4 Ne5 23. Bxb7 Rab8 24. Bf3 Rec8 25. Be2 Rb4 26. Rd1 Rbxc4 27. Rxd6 Rxc3 28. Rxc3 Rxc3 29. f4 Nc6 30. Bf3 Nb4 31. Rd7+ Kh8 32. Rxa7 Rc1+ 33. Kf2 Rc2+ 34. Kg3 Rxa2 35. Rb7 Nd3 36. Rf7 Ra6 37. Be2 Rd6 38. Bxd3 Rxd3+ 1/2-1/2

[Event "Sparkassen-Open A"]
[Site "Heusenstamm, Martinsee"]
[Date "2023.11.24"]
[Round "3.43"]
[White "Erdmann, Stefan"]
[Black "Hinz, André"]
[Result "1-0"]
[WhiteElo "2062"]
[BlackElo "1690"]
[PlyCount "77"]
[EventDate "2023.??.??"]
[WhiteTeam "SK Bad Homburg 1927"]
[BlackTeam "SC Brett vorm Kopp Ffm"]

1. d4 Nf6 2. c4 g6 3. g3 Bg7 4. Bg2 c6 5. e4 d6 6. Nc3 O-O 7. Nf3 Na6 8. h3 Nd7 9. Bg5 Re8 10. O-O Nc7 11. Re1 c5 12. d5 a6 13. a4 Rb8 14. a5 b5 15. axb6 Rxb6 16. Qc2 Ne5 17. Nd2 Rb4 18. b3 f5 19. Be3 fxe4 20. Ndxe4 Bf5 21. f4 Nxc4 22. bxc4 Rxc4 23. Qd2 Nb5 24. Rac1 Nd4 25. Qa2 Rb4 26. g4 Bc8 27. Qf2 a5 28. Ng5 Qb6 29. Be4 Bf6 30. Qh4 Bxg5 31. fxg5 Bf5 32. Bxd4 cxd4 33. Kh1 dxc3 34. gxf5 gxf5 35. Qh5 Rf8 36. g6 Kg7 37. Qxh7+ Kf6 38. g7 Rf7 39. Qh6+ 1-0